[Event "44th BAN-ch OMICON 2018"]
[Site "Dhaka"]
[Date "2018.11.30"]
[Round "7"]
[White "Hossain, Showkat Pollab"]
[Black "Abu Sufian, Shakil"]
[Result "0-1"]
[WhiteElo "2119"]
[BlackElo "2230"]
[Annotator "RC"]
[PlyCount "149"]
[EventDate "2018.11.24"]
[EventType "swiss"]
[EventCountry "BAN"]
[SourceTitle "playchess.com"]
[Source "ChessBase"]
[SourceQuality "1"]
[TimeControl "40/5400+30:1800+30"]

1. e4 {[%emt 0:00:00]} c6 {[%emt 0:00:00]} 2. d4 {[%emt 0:00:00]} d5 {[%emt 0:00:00]} 3. exd5 {[%emt 0:00:00]} cxd5 {[%emt 0:00:00]} 4. Bd3 {[%emt 0:00:00]} Nc6 {[%emt 0:00:09]} 5. c3 {[%emt 0:00:02]} Qc7 {[%emt 0:00:16]} 6. h3 {[%emt 0:06:04]} e6 {[%emt 0:07:50]} 7. Nd2 {[%emt 0:03:00]} Nge7 {[%emt 0:03:43]} 8. Ndf3 {[%emt 0:00:57]} Ng6 {[%emt 0:00:31]} 9. Ne2 {[%emt 0:00:49]} Bd6 {[%emt 0:00:14]} 10. Be3 {[%emt 0:02:09]} Bd7 {[%emt 0:02:39]} 11. Qd2 {[%emt 0:03:00]} O-O-O {[%emt 0:04:14]} 12. h4 {[%emt 0:06:08]} f6 {[%emt 0:08:10]} 13. Qc2 {[%emt 0:04:03]} Nge7 {[%emt 0:02:38]} 14. Qd2 {[%emt 0:11:39]} e5 {[%emt 0:04:06]} 15. dxe5 {[%emt 0:04:04]} fxe5 {[%emt 0:01:15]} 16. Bc2 {[%emt 0:03:14]} h6 {[%emt 0:00:48]} 17. a3 {[%emt 0:04:15]} Kb8 {[%emt 0:06:30]} 18. Bb3 {[%emt 0:12:47]} Be6 {[%emt 0:00:58]} 19. Qd1 {[%emt 0:04:11]} Na5 {[%emt 0:01:37]} 20. Ba2 {[%emt 0:00:21]} Nc4 {[%emt 0:00:26]} 21. Bc1 {[%emt 0:01:07]} Rhf8 {[%emt 0:04:10]} 22. b3 {[%emt 0:05:38]} Na5 {[%emt 0:16:31]} 23. Bb2 {[%emt 0:03:09]} Bg4 {[%emt 0:01:34]} 24. Nh2 {[%emt 0:04:08]} Bh5 {[%emt 0:01:40]} 25. Qd2 {[%emt 0:03:11]} Qb6 {[%emt 0:09:17]} 26. Nc1 {[%emt 0:03:08]} Rf7 {[%emt 0:07:38]} 27. Qe3 {[%emt 0:04:38]} Qxe3+ {[%emt 0:02:53]} 28. fxe3 {[%emt 0:00:02]} Rdf8 {[%emt 0:01:13]} 29. g4 {[%emt 0:00:58]} Bg6 {[%emt 0:00:42]} 30. Rf1 {[%emt 0:01:24]} e4 {[%emt 0:02:05]} 31. Rxf7 {[%emt 0:00:22]} Bg3+ {[%emt 0:00:37]} 32. Kf1 {[%emt 0:04:28]} Rxf7+ {[%emt 0:00:15]} 33. Kg2 {[%emt 0:00:14]} Bxh2 {[%emt 0:00:16]} 34. c4 {[%emt 0:00:38]} Bd6 {[%emt 0:01:46]} 35. Ne2 {[%emt 0:00:55]} Nac6 {[%emt 0:02:10]} 36. Rd1 {[%emt 0:00:53]} Ne5 {[%emt 0:01:14]} 37. Bxe5 {[%emt 0:00:49]} Bxe5 {[%emt 0:00:01]} 38. cxd5 {[%emt 0:00:21]} Nc8 {[%emt 0:01:27]} 39. h5 {[%emt 0:01:16]} Bh7 {[%emt 0:00:17]} 40. Nf4 {[%emt 0:00:00]} Bxf4 {[%emt 0:00:00]} 41. Rf1 {[%emt 0:07:43]} Bg8 {[%emt 0:08:23]} 42. exf4 {[%emt 0:01:36]} Rd7 {[%emt 0:03:42]} 43. Kf2 {[%emt 0:02:30]} Rxd5 {[%emt 0:05:45]} 44. Bb1 {[%emt 0:01:26]} Nd6 {[%emt 0:00:20]} 45. Ke3 {[%emt 0:00:42]} Ra5 {[%emt 0:00:35]} 46. Rd1 {[%emt 0:02:43]} Kc7 {[%emt 0:00:31]} 47. Rc1+ {[%emt 0:07:08]} Kd7 {[%emt 0:00:22]} 48. Rc3 {[%emt 0:00:34]} Rxa3 {[%emt 0:00:54]} 49. Bc2 {[%emt 0:01:26]} Nb5 {[%emt 0:04:37]} 50. Rc5 {[%emt 0:01:26]} Bxb3 {[%emt 0:00:29]} 51. Bxb3 {[%emt 0:03:27]} Rxb3+ {[%emt 0:00:13]} 52. Kxe4 {[%emt 0:00:08]} Nd6+ {[%emt 0:00:17]} 53. Kd4 {[%emt 0:01:01]} Rb4+ {[%emt 0:03:13]} 54. Ke3 {[%emt 0:01:07]} Rb5 {[%emt 0:00:25]} 55. Rc1 {[%emt 0:01:07]} a5 {[%emt 0:00:08]} 56. Rg1 {[%emt 0:00:32]} a4 {[%emt 0:00:40]} 57. g5 {[%emt 0:00:52]} hxg5 {[%emt 0:00:51]} 58. fxg5 {[%emt 0:00:09]} a3 {[%emt 0:00:12]} 59. h6 {[%emt 0:00:40]} gxh6 {[%emt 0:00:15]} 60. gxh6 {[%emt 0:01:24]} Nf5+ {[%emt 0:00:36]} 61. Kd3 {[%emt 0:00:24]} Nxh6 {[%emt 0:00:06]} 62. Kc4 {[%emt 0:00:39]} Ra5 {[%emt 0:00:17]} 63. Kb4 {[%emt 0:00:56]} Ra6 {[%emt 0:00:06]} 64. Kb3 {[%emt 0:01:13]} a2 {[%emt 0:00:14]} 65. Ra1 {[%emt 0:00:07]} Nf5 {[%emt 0:00:14]} 66. Kb2 {[%emt 0:00:07]} Nd6 {[%emt 0:00:21]} 67. Kb3 {[%emt 0:00:31]} Kc6 {[%emt 0:00:16]} 68. Kb4 {[%emt 0:00:34]} Kb6 {[%emt 0:00:14]} 69. Kb3 {[%emt 0:00:34]} Kb5 {[%emt 0:00:16]} 70. Kc3 {[%emt 0:00:17]} Ra3+ {[%emt 0:00:32]} 71. Kc2 {[%emt 0:00:45]} Kb4 {[%emt 0:00:19]} 72. Kb2 {[%emt 0:01:48]} Nc4+ {[%emt 0:01:18]} 73. Kc2 {[%emt 0:00:03]} Rc3+ {[%emt 0:00:07]} 74. Kd1 {[%emt 0:00:38]} Kb3 {[%emt 0:00:06]} 75. Ke1 {[%emt 0:07:11]} 0-1

[Event "44th BAN-ch OMICON 2018"]
[Site "Dhaka"]
[Date "2018.11.30"]
[Round "7"]
[White "Saiful Islam, Chowdhury"]
[Black "Mehdi Hasan Parag"]
[Result "0-1"]
[WhiteElo "2110"]
[BlackElo "2218"]
[Annotator "RC"]
[PlyCount "124"]
[EventDate "2018.11.24"]
[EventType "swiss"]
[EventCountry "BAN"]
[SourceTitle "playchess.com"]
[Source "ChessBase"]
[SourceQuality "1"]
[TimeControl "40/5400+30:1800+30"]

1. e4 {[%emt 0:02:17]} c6 {[%emt 0:00:00]} 2. d4 {[%emt 0:01:05]} d5 {[%emt 0:00:00]} 3. Nd2 {[%emt 0:00:31]} dxe4 {[%emt 0:00:00]} 4. Nxe4 {[%emt 0:00:08]} Bf5 {[%emt 0:00:00]} 5. Ng3 {[%emt 0:00:22]} Bg6 {[%emt 0:00:00]} 6. Nf3 {[%emt 0:00:18]} e6 {[%emt 0:00:00]} 7. h4 {[%emt 0:00:17]} h6 {[%emt 0:00:02]} 8. h5 {[%emt 0:01:59]} Bh7 {[%emt 0:00:02]} 9. Bd3 {[%emt 0:00:18]} Bxd3 {[%emt 0:00:03]} 10. Qxd3 {[%emt 0:00:07]} Nf6 {[%emt 0:00:07]} 11. Bd2 {[%emt 0:01:27]} c5 {[%emt 0:00:21]} 12. O-O-O {[%emt 0:01:54]} Nc6 {[%emt 0:00:04]} 13. Bc3 {[%emt 0:01:00]} Qd5 {[%emt 0:05:12]} 14. Qb5 {[%emt 0:04:25]} c4 {[%emt 0:21:35]} 15. a4 {[%emt 0:07:15]} Qxb5 {[%emt 0:08:38]} 16. axb5 {[%emt 0:00:27]} Nb4 {[%emt 0:00:11]} 17. Bxb4 {[%emt 0:02:49]} Bxb4 {[%emt 0:00:02]} 18. c3 {[%emt 0:01:09]} Be7 {[%emt 0:00:36]} 19. Nd2 {[%emt 0:00:53]} Rc8 {[%emt 0:00:17]} 20. Kc2 {[%emt 0:00:46]} Ng4 {[%emt 0:03:06]} 21. Rhf1 {[%emt 0:00:26]} Bd6 {[%emt 0:05:23]} 22. Nge4 {[%emt 0:01:39]} Bb8 {[%emt 0:00:48]} 23. Rde1 {[%emt 0:00:24]} O-O {[%emt 0:03:17]} 24. f3 {[%emt 0:01:45]} Nf6 {[%emt 0:00:06]} 25. Nxf6+ {[%emt 0:00:59]} gxf6 {[%emt 0:02:43]} 26. g4 {[%emt 0:02:17]} Rfd8 {[%emt 0:01:35]} 27. Ne4 {[%emt 0:14:34]} Kg7 {[%emt 0:00:33]} 28. f4 {[%emt 0:00:44]} Rd5 {[%emt 0:01:23]} 29. g5 {[%emt 0:00:41]} fxg5 {[%emt 0:02:03]} 30. fxg5 {[%emt 0:00:26]} Rf5 {[%emt 0:04:53]} 31. gxh6+ {[%emt 0:03:34]} Kxh6 {[%emt 0:00:43]} 32. Rxf5 {[%emt 0:01:37]} exf5 {[%emt 0:00:01]} 33. Nf6 {[%emt 0:00:17]} Kg5 {[%emt 0:06:55]} 34. Re8 {[%emt 0:02:59]} Rxe8 {[%emt 0:00:01]} 35. Nxe8 {[%emt 0:00:11]} Kxh5 {[%emt 0:00:42]} 36. d5 {[%emt 0:00:19]} Bg3 {[%emt 0:00:16]} 37. d6 {[%emt 0:01:52]} Bh4 {[%emt 0:00:46]} 38. d7 {[%emt 0:00:57]} Kg4 {[%emt 0:00:34]} 39. Nd6 {[%emt 0:00:49]} f4 {[%emt 0:00:44]} 40. Kd2 {[%emt 0:00:00]} Kh3 {[%emt 0:00:00]} 41. Nf5 {[%emt 0:09:32]} Bd8 {[%emt 0:21:22]} 42. Ke2 {[%emt 0:01:44]} Kg2 {[%emt 0:00:48]} 43. Nd4 {[%emt 0:00:16]} Bb6 {[%emt 0:03:14]} 44. Nf3 {[%emt 0:00:15]} Bd8 {[%emt 0:02:20]} 45. Ne1+ {[%emt 0:00:39]} Kg3 {[%emt 0:00:17]} 46. Nf3 {[%emt 0:10:10]} Bb6 {[%emt 0:04:36]} 47. Ne5 {[%emt 0:01:44]} Kg2 {[%emt 0:00:27]} 48. Nxc4 {[%emt 0:04:34]} f3+ {[%emt 0:00:13]} 49. Kd3 {[%emt 0:00:15]} f2 {[%emt 0:02:48]} 50. Nd2 {[%emt 0:02:57]} f5 {[%emt 0:04:35]} 51. c4 {[%emt 0:07:32]} f1=Q+ {[%emt 0:00:59]} 52. Nxf1 {[%emt 0:00:10]} Kxf1 {[%emt 0:00:01]} 53. c5 {[%emt 0:00:15]} Bc7 {[%emt 0:01:08]} 54. Ke3 {[%emt 0:05:04]} Ke1 {[%emt 0:05:17]} 55. c6 {[%emt 0:05:10]} bxc6 {[%emt 0:00:13]} 56. bxc6 {[%emt 0:00:06]} a5 {[%emt 0:00:28]} 57. b3 {[%emt 0:04:00]} f4+ {[%emt 0:03:13]} 58. Ke4 {[%emt 0:00:10]} Kd2 {[%emt 0:01:41]} 59. d8=Q+ {[%emt 0:00:40]} Bxd8 {[%emt 0:00:02]} 60. Kxf4 {[%emt 0:00:18]} Kc3 {[%emt 0:00:05]} 61. Ke5 {[%emt 0:00:14]} Kxb3 {[%emt 0:00:31]} 62. Kd6 {[%emt 0:00:20]} a4 {[%emt 0:00:08]} 0-1

[Event "44th BAN-ch OMICON 2018"]
[Site "Dhaka"]
[Date "2018.11.30"]
[Round "7"]
[White "Ghosh, Chanchal Kumer"]
[Black "Md., Sharif Hossain"]
[Result "0-1"]
[WhiteElo "2069"]
[BlackElo "2198"]
[Annotator "RC"]
[PlyCount "77"]
[EventDate "2018.11.24"]
[EventType "swiss"]
[EventCountry "BAN"]
[SourceTitle "playchess.com"]
[Source "ChessBase"]
[SourceQuality "1"]
[TimeControl "40/5400+30:1800+30"]

1. e4 {[%emt 1:30:30]} c5 {[%emt 1:30:30]} 2. Nf3 {[%emt 0:00:30]} Nc6 {[%emt 0:00:30]} 3. d4 {[%emt 0:00:30]} cxd4 {[%emt 0:00:30]} 4. Nxd4 {[%emt 0:00:30]} Nf6 {[%emt 0:00:30]} 5. Nc3 {[%emt 0:00:30]} e5 {[%emt 0:00:30]} 6. Ndb5 {[%emt 0:00:30]} d6 {[%emt 0:00:30]} 7. Bg5 {[%emt 0:00:30]} a6 {[%emt 0:00:30]} 8. Na3 {[%emt 0:00:30]} b5 {[%emt 0:00:30]} 9. Nd5 {[%emt 0:00:30]} Be7 {[%emt 0:00:30]} 10. Bxf6 {[%emt 0:00:30]} Bxf6 {[%emt 0:00:30]} 11. c3 {[%emt 0:00:30]} Bg5 {[%emt 0:00:30]} 12. Nc2 {[%emt 0:00:30]} O-O {[%emt 0:00:30]} 13. Be2 {[%emt 0:00:30]} Kh8 {[%emt 0:00:30]} 14. O-O {[%emt 0:00:30]} f5 {[%emt 0:00:30]} 15. exf5 {[%emt 0:00:30]} Bxf5 {[%emt 0:00:30]} 16. a4 {[%emt 0:00:30]} bxa4 {[%emt 0:00:30]} 17. Rxa4 {[%emt 0:00:30]} a5 {[%emt 0:00:30]} 18. Bg4 {[%emt 0:00:30]} Bg6 {[%emt 0:00:30]} 19. Bh5 {[%emt 0:00:30]} Bf5 {[%emt 0:00:30]} 20. Nce3 {[%emt 0:00:30]} g6 {[%emt 0:00:30]} 21. Bf3 {[%emt 0:00:30]} Rb8 {[%emt 0:00:30]} 22. Nc4 {[%emt 0:00:30]} Rb5 {[%emt 0:00:30]} 23. Nde3 {[%emt 0:00:30]} e4 {[%emt 0:00:30]} 24. Nxd6 {[%emt 0:00:30]} exf3 {[%emt 0:00:30]} 25. Nxb5 {[%emt 0:00:30]} Bd3 {[%emt 0:00:30]} 26. Nd4 {[%emt 0:00:30]} Bxf1 {[%emt 0:00:30]} 27. Qxf1 {[%emt 0:00:30]} Bxe3 {[%emt 0:00:30]} 28. fxe3 {[%emt 0:00:30]} f2+ {[%emt 0:00:30]} 29. Kh1 {[%emt 0:00:30]} Ne5 {[%emt 0:00:30]} 30. Ra1 {[%emt 0:00:30]} Qb8 {[%emt 0:00:30]} 31. h3 {[%emt 0:00:30]} Qxb2 {[%emt 0:00:30]} 32. Rd1 {[%emt 0:00:30]} Rf6 {[%emt 0:00:30]} 33. c4 {[%emt 0:00:30]} a4 {[%emt 0:00:30]} 34. c5 {[%emt 0:00:30]} a3 {[%emt 0:00:30]} 35. c6 {[%emt 0:00:30]} Nxc6 {[%emt 0:00:30]} 36. Qa6 {[%emt 0:00:30]} a2 {[%emt 0:00:30]} 37. Qa8+ {[%emt 0:00:30]} Kg7 {[%emt 0:00:30]} 38. Nf3 {[%emt 0:00:30]} Qb1 {[%emt 0:00:30]} 39. Kh2 {[%emt 0:00:30]} 0-1

[Event "44th BAN-ch OMICON 2018"]
[Site "Dhaka"]
[Date "2018.11.30"]
[Round "7"]
[White "Md, Sariatullah"]
[Black "Nayem, Haque"]
[Result "1/2-1/2"]
[WhiteElo "2027"]
[BlackElo "2074"]
[Annotator "NA"]
[PlyCount "57"]
[EventDate "2018.11.24"]
[EventType "swiss"]
[EventCountry "BAN"]
[SourceTitle "playchess.com"]
[Source "ChessBase"]
[SourceQuality "1"]
[TimeControl "40/5400+30:1800+30"]

1. e4 {[%emt 1:30:30]} e6 {[%emt 1:30:30]} 2. Nf3 {[%emt 0:00:30]} d5 {[%emt 0:00:30]} 3. Nc3 {[%emt 0:00:30]} dxe4 {[%emt 0:00:30]} 4. Nxe4 {[%emt 0:00:30]} Be7 {[%emt 0:00:30]} 5. d4 {[%emt 0:00:30]} Nf6 {[%emt 0:00:30]} 6. Bd3 {[%emt 0:00:30]} Bd7 {[%emt 0:00:30]} 7. O-O {[%emt 0:00:30] C10: French with 3 Nc3: Unusual Black 3rd moves and 3...dxe4} Bc6 {[%emt 0:00:30]} 8. Nxf6+ {[%emt 0:00:30]} (8. Ng3 Nbd7 9. Qe2 O-O 10. Ne5 Nxe5 11. dxe5 Qd5 12. f4 Nd7 13. Rd1 Qa5 14. c3 Ba4 15. Re1 Rfd8 16. Kh1 Nf8 17. Be3 c5 {1-0 (30) Adams,M (2723)-Kortschnoj,V (2632) Enghien les Bains 2003}) 8... Bxf6 {[%emt 0:00:30]} 9. c3 {[%emt 0:00:30]} O-O {[%emt 0:00:30]} 10. Bf4 {[%emt 0:00:30]} Nd7 {[%emt 0:00:30]} 11. Qc2 {[%emt 0:00:30]} Bxf3 $146 {[%emt 0:00:30]} ({Predecessor:} 11... g6 12. Rae1 Re8 13. Ne5 Nxe5 14. Bxe5 Bxe5 15. Rxe5 {0-1 (47) King,A-Batchilo,E Bratislava 1993}) 12. Bxh7+ {[%emt 0:00:30]} Kh8 {[%emt 0:00:30]} 13. gxf3 {[%emt 0:00:30] [#]} Bg5 {[%emt 0:00:30]} (13... g6 $1 $19 14. Bxg6 Rg8 {[%mdl 64] Pin}) 14. Bg3 {[%emt 0:00:30]} f5 {[%emt 0:00:30]} 15. f4 {[%emt 0:00:30]} Bxf4 {[%emt 0:00:30]} (15... Kxh7 $11 16. fxg5 Qxg5) 16. Bxf4 {[%emt 0:00:30]} g5 {[%emt 0:00:30]} 17. Bg3 {[%emt 0:00:30]} Kxh7 {[%emt 0:00:30]} 18. Rfe1 {[%emt 0:00:30]} Rf6 {[%emt 0:00:30]} 19. Be5 {[%emt 0:00:30]} Nxe5 {[%emt 0:00:30]} 20. Rxe5 {[%emt 0:00:30]} Qg8 $16 {[%emt 0:00:30]} 21. Rae1 {[%emt 0:00:30]} Qg6 {[%emt 0:00:30]} 22. Kh1 {[%emt 0:00:30]} Qh5 {[%emt 0:00:30]} 23. Rxe6 {[%emt 0:00:30]} Qf3+ {[%emt 0:00:30]} 24. Kg1 {[%emt 0:00:30]} Qg4+ {[%emt 0:00:30]} 25. Kh1 {[%emt 0:00:30]} Qf3+ {[%emt 0:00:30]} 26. Kg1 {[%emt 0:00:30]} Qg4+ {[%emt 0:00:30]} 27. Kh1 {[%emt 0:00:30]} Qf3+ {[%emt 0:00:30]} 28. Kg1 {[%emt 0:00:30]} Qg4+ {[%emt 0:00:30]} 29. Kh1 {[%emt 0:00:30]} 1/2-1/2

[Event "44th BAN-ch OMICON 2018"]
[Site "Dhaka"]
[Date "2018.11.30"]
[Round "7"]
[White "Zia, Tahsin Tajwar"]
[Black "Mohammad Minhaz Uddin"]
[Result "0-1"]
[WhiteElo "1803"]
[BlackElo "2290"]
[Annotator "RC"]
[PlyCount "70"]
[EventDate "2018.11.24"]
[EventType "swiss"]
[EventCountry "BAN"]
[SourceTitle "playchess.com"]
[Source "ChessBase"]
[SourceQuality "1"]
[TimeControl "40/5400+30:1800+30"]

1. Nf3 {[%emt 0:00:00]} Nf6 {[%emt 0:00:00]} 2. g3 {[%emt 0:00:02]} d5 {[%emt 0:01:03]} 3. Bg2 {[%emt 0:00:09]} Bg4 {[%emt 0:02:42]} 4. O-O {[%emt 0:00:14]} Nbd7 {[%emt 0:01:51]} 5. d3 {[%emt 0:00:39]} e5 {[%emt 0:00:28]} 6. Qe1 {[%emt 0:01:06]} Bc5 {[%emt 0:04:07]} 7. h3 {[%emt 0:02:42]} Bh5 {[%emt 0:02:28]} 8. e4 {[%emt 0:00:36]} dxe4 {[%emt 0:00:36]} 9. dxe4 {[%emt 0:00:17]} c6 {[%emt 0:06:24]} 10. a4 {[%emt 0:02:42]} O-O {[%emt 0:09:28]} 11. Bd2 {[%emt 0:03:34]} a6 {[%emt 0:04:03]} 12. a5 {[%emt 0:01:16]} Bxf3 {[%emt 0:04:27]} 13. Bxf3 {[%emt 0:00:16]} Qe7 {[%emt 0:00:03]} 14. Na3 {[%emt 0:02:38]} Rfd8 {[%emt 0:00:19]} 15. Nc4 {[%emt 0:01:30]} Qe6 {[%emt 0:00:28]} 16. Ne3 {[%emt 0:09:13]} Qxh3 {[%emt 0:03:31]} 17. Qe2 {[%emt 0:06:29]} Nf8 {[%emt 0:14:03]} 18. Nf5 {[%emt 0:17:43]} Ne6 {[%emt 0:04:32]} 19. c3 {[%emt 0:01:40]} g6 {[%emt 0:04:15]} 20. Bg2 {[%emt 0:17:29]} Qh5 {[%emt 0:01:38]} 21. Bf3 {[%emt 0:01:51]} Rxd2 {[%emt 0:00:40]} 22. Bxh5 {[%emt 0:00:12]} Rxe2 {[%emt 0:00:03]} 23. Bxe2 {[%emt 0:00:31]} gxf5 {[%emt 0:00:03]} 24. exf5 {[%emt 0:00:09]} Ng7 {[%emt 0:02:28]} 25. g4 {[%emt 0:00:54]} h5 {[%emt 0:05:42]} 26. Ra4 {[%emt 0:03:02]} hxg4 {[%emt 0:01:26]} 27. Bxg4 {[%emt 0:01:15]} e4 {[%emt 0:00:33]} 28. Rc4 {[%emt 0:01:39]} Bxf2+ {[%emt 0:05:07]} 29. Kxf2 {[%emt 0:01:56]} Nxg4+ {[%emt 0:00:03]} 30. Ke2 {[%emt 0:00:02]} Nf6 {[%emt 0:00:21]} 31. Rb4 {[%emt 0:00:41]} Rb8 {[%emt 0:00:13]} 32. c4 {[%emt 0:00:07]} Kf8 {[%emt 0:01:29]} 33. Ke3 {[%emt 0:00:32]} Ke7 {[%emt 0:02:19]} 34. Kd4 {[%emt 0:01:47]} Nge8 {[%emt 0:04:13]} 35. Rb3 {[%emt 0:01:06]} Nd6 {[%emt 0:03:20]} 0-1

[Event "44th BAN-ch OMICON 2018"]
[Site "Dhaka"]
[Date "2018.12.01"]
[Round "8"]
[White "Reefat, Bin-Sattar"]
[Black "Rahman, Syed Mahfuzur"]
[Result "1-0"]
[WhiteElo "2437"]
[BlackElo "2224"]
[Annotator "TA"]
[PlyCount "95"]
[EventDate "2018.11.24"]
[EventType "swiss"]
[EventCountry "BAN"]
[SourceTitle "playchess.com"]
[Source "ChessBase"]
[SourceQuality "1"]

{[%evp 19,95,25,17,-16,8,0,0,-12,-8,-52,-28,-14,-26,-31,0,0,0,0,0,0,0,-18,0,-10,68,48,83,64,74,52,86,80,78,77,148,89,87,80,85,85,86,86,86,86,152,152,175,163,163,152,161,152,159,159,266,257,247,247,392,394,393,404,504,318,465,468,480,466,461,460,446,438,440,443,582,580,602,595]} 1. e4 e5 2. Nf3 Nc6 3. Bc4 Nf6 4. d3 Be7 5. O-O O-O 6. Re1 d6 7. a4 Na5 8. Ba2 {C55: Two Knights: 4 d3, 4 d4 exd4 5 e5 and Max Lange Attack} c5 9. Nc3 (9. c3 Nc6 10. Na3 a6 11. Bd2 Rb8 12. Nc2 Be6 13. Bxe6 fxe6 14. b4 b5 15. Qe2 Qd7 {½-½ (54) Duda,J (2707)-Naiditsch,A (2710) Linares 2017}) 9... Nc6 10. Nd5 Nxd5 {LiveBook: 20 Games} 11. exd5 Nd4 12. Nd2 $146 ({Predecessor:} 12. c3 Nxf3+ 13. Qxf3 Bf6 14. Be3 Bd7 15. Bc4 a6 {0-1 (40) Cornette,M (2357)-Boudre,J (2339) Cannes 2005}) 12... Nf5 13. Ne4 Nh4 14. f4 Ng6 15. fxe5 Nxe5 16. Bf4 Bg4 17. Qd2 Ng6 $1 18. Bg5 f6 19. Be3 Kh8 20. d4 {[%cal Rd4c5]} cxd4 21. Bxd4 Ne5 ({Better is} 21... f5 $11 22. Nf2 Bf6) 22. c4 $14 Rc8 23. b3 a6 24. a5 Qd7 25. Rac1 Rfe8 26. Bb1 Bh5 {[#]} ({Black should try} 26... Bf5) 27. Ng3 ({White should play} 27. Bxe5 $1 fxe5 28. Ng3) 27... Bg6 $16 28. Rf1 Bxb1 29. Rxb1 Bd8 30. h3 Rb8 31. Ra1 g6 (31... Rc8 $142) 32. Ne2 Rc8 33. Nf4 Kg8 34. Rae1 Bc7 35. Kh1 Re7 36. Ne6 Rxe6 (36... Rf7 $16 {was worth a try.} 37. Re3 Re8) 37. dxe6 $18 Qxe6 {[#]} 38. Qb4 $1 {[%cal Rb4b7]} Rf8 (38... Rb8 $142 39. Ba7 Re8 40. Qxb7 Bxa5) 39. Qxb7 Bxa5 40. Ra1 Bd2 {and the idea ...a5 leaves Black hopeful.} 41. Ra2 Bg5 (41... Rf7 {was called for.} 42. Qb6 Bh6 43. Rxa6 Bf8) 42. Rxa6 {White is clearly winning.} Nd3 43. Ra7 {[%csl Ga7][%cal Rb7h7]} Rf7 44. Qxf7+ Qxf7 45. Rxf7 Kxf7 46. Rd1 Nf4 47. b4 {[%cal Bb3b4,Bb4b5][%mdl 32]} Ke7 48. b5 {Precision: White = 77%, Black = 33%.} 1-0

[Event "44th BAN-ch OMICON 2018"]
[Site "Dhaka"]
[Date "2018.12.01"]
[Round "8"]
[White "Mohammad Fahad, Rahman"]
[Black "Ghosh, Chanchal Kumer"]
[Result "1-0"]
[WhiteElo "2381"]
[BlackElo "2069"]
[Annotator "NA"]
[PlyCount "107"]
[EventDate "2018.11.24"]
[EventType "swiss"]
[EventCountry "BAN"]
[SourceTitle "playchess.com"]
[Source "ChessBase"]
[SourceQuality "1"]
[TimeControl "40/5400+30:1800+30"]

1. e4 {[%emt 0:00:21]} d5 {[%emt 0:09:22]} 2. exd5 {[%emt 0:00:23]} Nf6 {[%emt 0:00:48]} 3. d4 {[%emt 0:00:50]} Nxd5 {[%emt 0:00:10]} 4. Nf3 {[%emt 0:00:30]} Bf5 {[%emt 0:00:58]} 5. Bd3 {[%emt 0:01:00]} Bxd3 {[%emt 0:01:15]} 6. Qxd3 {[%emt 0:00:08]} e6 {[%emt 0:00:33]} 7. O-O {[%emt 0:00:10] B01: Scandinavian Defence} Nd7 {[%emt 0:02:24]} (7... Nc6 8. c4 Nb6 9. Nc3 Be7 10. Bf4 g5 11. Bg3 g4 12. Ne5 Nxd4 13. c5 Bxc5 14. Rad1 O-O {1-0 (25) Topalov,V (2801)-Kamsky,G (2686) Wijk aan Zee 2006}) 8. c4 {[%emt 0:01:57]} N5f6 {[%emt 0:00:56]} 9. Nc3 {[%emt 0:02:05]} Be7 {[%emt 0:01:08]} 10. Re1 {[%emt 0:01:48]} O-O {[%emt 0:00:23]} 11. Bg5 {[%emt 0:00:20]} c6 {[%emt 0:04:44]} 12. Rad1 {[%emt 0:01:19]} Re8 {[%emt 0:02:29]} 13. d5 $146 {[%emt 0:18:22]} ({Predecessor:} 13. a3 h6 14. Bh4 Qa5 {1-0 (55) Golubev,M (2527)-Krivoshey,S (2501) playchess.com INT 2004}) 13... cxd5 {[%emt 0:03:59]} (13... exd5 $11 {remains equal.} 14. cxd5 Bb4) 14. cxd5 {[%emt 0:00:18]} Nc5 {[%emt 0:15:15]} 15. Qd4 {[%emt 0:01:31]} (15. Qc4 $16 Qb6 {[#]} 16. d6 $1 {[%mdl 512]} Bxd6 17. Bxf6 gxf6 18. b4) 15... Qb6 {[%emt 0:23:42]} 16. d6 {[%emt 0:00:50]} Bd8 {[%emt 0:00:37]} 17. Ne5 {[%emt 0:35:37]} Ncd7 {[%emt 0:02:19]} 18. Qd2 {[%emt 0:03:21]} Nxe5 {[%emt 0:04:00]} 19. Rxe5 {[%emt 0:00:01]} Nd7 {[%emt 0:00:28]} 20. Be3 {[%emt 0:05:57]} Qc6 {[%emt 0:00:52]} 21. Re4 {[%emt 0:00:10]} Bf6 {[%emt 0:02:01]} 22. Rg4 {[%emt 0:00:12]} Ne5 $14 {[%emt 0:00:58]} (22... Bxc3 $11 23. bxc3 b6) 23. Rb4 {[%emt 0:02:52]} Nc4 {[%emt 0:00:58]} 24. Qd3 {[%emt 0:00:05]} Nxe3 {[%emt 0:03:18]} 25. Qxe3 {[%emt 0:00:51]} Red8 {[%emt 0:01:42]} 26. Ne4 {[%emt 0:01:05]} Be5 {[%emt 0:00:39]} 27. Qd3 {[%emt 0:03:56]} f5 {[%emt 0:01:12]} 28. Qb3 {[%emt 0:00:21]} Re8 {[%emt 0:04:55]} 29. Ng5 {[%emt 0:00:50]} Bxd6 {[%emt 0:00:43]} 30. Rxb7 {[%emt 0:01:28]} Bf4 {[%emt 0:04:23]} 31. Nf3 {[%emt 0:01:27]} Rab8 {[%emt 0:00:25]} 32. Rb4 {[%emt 0:01:01]} Bd6 {[%emt 0:00:47]} 33. Rxb8 {[%emt 0:00:07]} Bxb8 {[%emt 0:00:06]} 34. g3 {[%emt 0:00:45]} Kf8 {[%emt 0:02:08]} 35. Qb4+ {[%emt 0:03:13]} Kg8 {[%emt 0:00:29]} 36. Nd4 {[%emt 0:00:27]} Qd5 {[%emt 0:00:46]} 37. Re1 {[%emt 0:01:43]} f4 {[%emt 0:01:28]} 38. Rxe6 {[%emt 0:03:24]} Rc8 {[%emt 0:01:44]} 39. Re1 {[%emt 0:01:05]} fxg3 {[%emt 0:00:22]} 40. hxg3 {[%emt 0:00:00]} Be5 {[%emt 0:00:00]} 41. Nf5 {[%emt 0:03:13]} Bf6 {[%emt 0:03:38]} 42. Qg4 {[%emt 0:00:12]} Rd8 {[%emt 0:13:00]} 43. b3 {[%emt 0:02:43]} Qd2 {[%emt 0:02:24]} 44. Qc4+ {[%emt 0:00:45]} Kh8 {[%emt 0:00:40]} 45. Qe6 {[%emt 0:00:18]} h6 {[%emt 0:01:01]} 46. a4 {[%emt 0:02:41]} Rb8 {[%emt 0:03:35]} 47. Re3 {[%emt 0:03:18]} Rf8 {[%emt 0:02:29]} 48. Kg2 {[%emt 0:01:08]} Bd4 {[%emt 0:01:29]} 49. Rf3 {[%emt 0:00:22]} Bb6 {[%emt 0:02:03]} 50. Nxh6 {[%emt 0:00:32]} Qxf2+ {[%emt 0:07:54]} 51. Rxf2 {[%emt 0:00:04]} Rxf2+ {[%emt 0:00:08]} 52. Kh3 {[%emt 0:00:03]} gxh6 {[%emt 0:00:12]} 53. a5 {[%emt 0:29:21]} Bxa5 {[%emt 0:00:49]} 54. Qe5+ {[%emt 0:00:06]} 1-0